| 000 | 01063nam a2200253 i 4500 | ||
|---|---|---|---|
| 001 | 37802 | ||
| 003 | ES-MaACL | ||
| 005 | 20250724063407.0 | ||
| 007 | t| | ||
| 008 | 030221s1886 sp |||| | spa d | ||
| 100 | 1 |
_aByron, George Gordon Byron, _cBaron, _d1788-1824 _933026 |
|
| 245 | 1 | 0 |
_aPoemas dramáticos de Byron / _ctraducidos en verso castellano por José Alcalá Galiano ; con una carta prólogo de Marcelino Menéndez y Pelayo. |
| 260 |
_aMadrid : _b[s.n., _c1886] ( _fImp. de A. Pérez Dubrull) |
||
| 300 |
_aXXXVI, 382 p. ; _c17 cm. |
||
| 490 | 1 | _aColección de escritores castellanos | |
| 505 | 0 | _aCaín ; Sardanápalo ; Manfredo | |
| 530 | _aDisponible en formato digital. | ||
| 700 | 1 |
_aAlcalá Galiano, José, _d1839-1919 _9125587 |
|
| 700 | 1 |
_aMenéndez y Pelayo, Marcelino, _d1856-1912 _980332 |
|
| 830 | 1 |
_aColección de escritores castellanos _9180741 |
|
| 852 |
_aES-MaACL _jR-3134 _x Olim:F-12730 |
||
| 856 |
_uhttp://bdh-rd.bne.es/viewer.vm?id=0000255949&page=1 _zBiblioteca Digital Hispánica |
||
| 999 |
_c37802 _d37802 |
||